000 01008nam0a22002531 4500
001 rc\3635655
005 20260407105754.0
021 _aRU
_bРг8317-72
021 _aRU
_b71-80302
035 _a(NLR Aleph) 007725921
090 _a7002666
_c7002666
100 _a20130115d1971 |||y0rusy50 ca
101 0 _arus
102 _aRU
105 _ay z |||||
200 1 _aМетодические рекомендации по определению экономической эффективности автоматизированных систем управления машиностроительным предприятием
_fАН УССР. Ин-т экономики пром-сти
210 _aДонецк
_cБ. и.
_d1971
215 _a57 с.
_d21
712 0 2 _aИнститут экономики промышленности
_cДонецк
_3RU\NLR\AUTH\889937507
_9369841
801 0 _aRU
_bNLR
_gpsbo
801 1 _aRU
_bELAR
_2rusmarc
852 _aNLR
_j72-4/13480
942 _cBOOK
980 _aNB